Normal view
MARC view
Entry Personal Name
001 - CONTROL NUMBER
- control field: 260806
003 - CONTROL NUMBER IDENTIFIER
- control field: OSt
005 - DATE AND TIME OF LATEST TRANSACTION
- control field: 20260408121921.0
008 - FIXED-LENGTH DATA ELEMENTS
- fixed length control field: 260408|| aca||aabn | a|a d
040 ## - CATALOGING SOURCE
- Original cataloging agency: OSt
- Transcribing agency: OSt
100 ## - HEADING--PERSONAL NAME
- Personal name: GAUDA (Namdev M)
- Dates associated with a name: गौड़ा (नामदेव एम)
670 ## - SOURCE DATA FOUND
- Source citation: Work cat.: (OSt)121426: GAUDA (Namdev M) गौड़ा (नामदेव एम), Samiksha ke vibhinn rang rup, 2013